| 000 | 00990 a2200241 4500 | ||
|---|---|---|---|
| 003 | UA-OsUOA | ||
| 005 | 20240529100706.0 | ||
| 008 | 240529b un ||||| |||| 00| 0 ukr d | ||
| 020 | _a9667869067 | ||
| 040 |
_brus _cUA-OsUOA |
||
| 080 | _a271(477.81/82) | ||
| 090 |
_a271(477.81/82) _bС68 |
||
| 245 |
_aСофрониевский монастырь. Из истории Молчанской Печерской Рождества Пресвятой Богородицы пустыни _cА. Луговской, В. Вечерский, С. Тупик и др. |
||
| 260 |
_aК. _bОптима _c2001 |
||
| 300 |
_a120 с. _bил. |
||
| 650 |
_a271 Релігійні ордени _92967 |
||
| 700 | 1 |
_aЛуговской А. _92968 |
|
| 700 | 1 |
_aВечерский В. _92969 |
|
| 700 | 1 |
_aТупик С. _92970 |
|
| 942 |
_cBK _2udc |
||
| 955 | _a4 | ||
| 999 |
_c576488 _d576488 |
||